| 000 | 00470cam a2200145 4500500 | ||
|---|---|---|---|
| 005 | 20260329020651.0 | ||
| 041 | _afre | ||
| 042 | _adc | ||
| 100 | 1 | 0 |
_aLa Rocca, Pierre _eauthor |
| 245 | 0 | 0 | _aQue sait-on des effets environnementaux de l’agriculture numérique ? |
| 260 | _c2026. | ||
| 500 | _a36 | ||
| 786 | 0 | _nSesame | 18 | 2 | 2026-01-21 | p. 55-57 | 2554-7011 | |
| 856 | 4 | 1 | _uhttps://stm.cairn.info/revue-sesame-2025-2-page-55?lang=fr&redirect-ssocas=7080 |
| 999 |
_c1907158 _d1907158 |
||